Программно-методическое обеспечение для изучения языков программирования FBD, LD, CFC промышленных контроллеров системы программирования OPENPCS; Молодежь и современные информационные технологии

Dettagli Bibliografici
Parent link:Молодежь и современные информационные технологии.— 2005.— С. 246-248
Autore principale: Мотрич М. А.
Altri autori: Скороспешкин В. Н. Владимир Николаевич
Lingua:russo
Pubblicazione: 2005
Soggetti:
Natura: Capitolo di libro
KOHA link:https://koha.lib.tpu.ru/cgi-bin/koha/opac-detail.pl?biblionumber=144716

MARC

LEADER 00000naa2a2200000 4500
001 144716
005 20240213125111.0
035 |a (RuTPU)RU\TPU\book\156838 
090 |a 144716 
100 |a 20081007d2005 k y0rusy50 ca 
101 0 |a rus 
102 |a RU 
200 1 |a Программно-методическое обеспечение для изучения языков программирования FBD, LD, CFC промышленных контроллеров системы программирования OPENPCS  |f М. А. Мотрич, В. Н. Скороспешкин 
463 0 |0 (RuTPU)RU\TPU\book\118408  |t Молодежь и современные информационные технологии  |o сборник трудов III Всероссийской научно-практической конференции студентов, г. Томск, 15 февраля - 17 февраля 2005 г.  |f Томский политехнический университет  |v С. 246-248  |d 2005  |p 284 с. 
610 1 |a языки программирования 
610 1 |a программное обеспечение 
610 1 |a промышленные контроллеры 
610 1 |a системы программирования 
610 1 |a OPENPCS 
610 1 |a труды учёных ТПУ 
700 1 |a Мотрич  |b М. А. 
701 1 |a Скороспешкин  |b В. Н.  |c специалист в области информатики и вычислительной техники  |c доцент Томского политехнического университета, кандидат технических наук  |f 1951-  |g Владимир Николаевич  |3 (RuTPU)RU\TPU\pers\26808  |9 12433 
801 1 |a RU  |b 63413507  |c 20081007  |g PSBO 
801 2 |a RU  |b 63413507  |c 20151211  |g RCR 
942 |c BK